| 000 | 00372nam a2200121Ia 4500 | ||
|---|---|---|---|
| 008 | 220217s9999 xx 000 0 und d | ||
| 245 | 0 | _aRubbers, raw- Determination of volatile matter content | |
| 260 | _aSwitzerland | ||
| 260 |
_c1978 _bInternational Standards Institution |
||
| 500 | _aStandard number: ISO 248 | ||
| 650 | _aRubber-volatile matter content | ||
| 942 | _cST | ||
| 999 |
_c74101 _d74101 |
||